000 00296nam a22001337a 4500
008 180214b xxu||||| |||| 00| 0 eng d
020 _a9781603891189
041 _aeng
080 _a37
100 _a48
101 _aEDU
245 _aRADING ANALYZING NONFICTION
_cSLANT.S
942 _2udc
_cBK
999 _c42471
_d42471